LEADER 00813nam a2200217 4500 001 991000668689707536 008 100401s1947 cs 001 0 cze 035 $ab13892757-39ule_inst 040 $aDip.to SSC$bita 082 04$a943.71 100 1 $aVlcek, Vladimir$0472831 245 00$aCteni o sovetskych filmovych reziserech / Vladimir Vlcek 260 $aV Praze :$bCeskoslovenske Filmove Nakladatelstvi,$c1947 300 $a113 p. :$bill. ;$c22 cm 651 4$aCecoslovacchia$xStoria 907 $a.b13892757$b06-04-10$c01-04-10 912 $a991000668689707536 945 $aLE021FD TSL24C48$g1$iLE021FD-4085$lle023$o-$pE0.00$q-$rn$so $t0$u0$v0$w0$x0$y.i15104175$z06-04-10 996 $aCteni o sovetskych filmovych reziserech$9224575 997 $aUNISALENTO 998 $ale021$b01-04-10$cm$da $e-$fcze$gcs $h0$i0 LEADER 01125nas 2200385 a 450 001 996214899103316 005 20240413015817.0 011 $a1557-4644 035 $a(OCoLC)40880507 035 $a(CKB)954925522715 035 $a(CONSER)sn 99034073 035 $a(DE-599)ZDB2006335-0 035 $a(EXLCZ)99954925522715 100 $a19990301a19769999 sy a 101 0 $aeng 135 $aurcnu||||| 181 $ctxt$2rdacontent 182 $cc$2rdamedia 183 $acr$2rdacarrier 200 10$aACM transactions on database systems 210 $aNew York $cAssociation for Computing Machinery 300 $aRefereed/Peer-reviewed 311 $a0362-5915 606 $aDatabase management$vPeriodicals 606 $aBases de donne?es$xGestion$vPe?riodiques 606 $a54.64 databases$2nbc 615 0$aDatabase management 615 6$aBases de donne?es$xGestion 615 7$a54.64 databases 676 $a001.6 712 02$aAssociation for Computing Machinery. 906 $aJOURNAL 912 $a996214899103316 996 $aACM transactions on database systems$9104455 997 $aUNISA